00877nam a2200193 a 4500008004100000110008500041245014600126260004700272300002500319650003100344650003000375650004300405650002300448700002200471740016300493003000100656005001700657040000900674  aZimbabwe.bCommission of Inquiry into Incomes, Prices and Conditions of Service.10aZimbabwe :breport of the commission of inquiry into incomes, prices and conditions of service /cunder the Chairmanship of Roger C. Riddell. a[Harare] :bGovernment of Zimbabwe,c1981] aii, 330 p. ;c30 cm. aJob evaluation zZimbabwe. aLabour policy zZimbabwe. aPrices xGovernment policy zZimbabwe. 1aIncome zZimbabwe. aRiddell, Roger C. aReport of the Commission of Inquiry into incomes, prices and conditions of service /cunder the Chairmanship of Roger C. Riddell, to the President, June 1981.20230123133405.0 cNUST